| 000 | 00407pab a2200157 454500 | ||
|---|---|---|---|
| 008 | 180718b2006 xxu||||| |||| 00| 0 eng d | ||
| 100 | _aGohain, Hiren | ||
| 245 | _aGovernance as theatre | ||
| 260 | _c2006 | ||
| 300 | _ap.4109-110. | ||
| 362 | _a30 Sep | ||
| 650 | _aPublic administration - India - Assam | ||
| 650 | _aPublic administration | ||
| 773 | _aEconomic and Political Weekly | ||
| 909 | _a71966 | ||
| 999 |
_c71966 _d71966 |
||